000 00890nam a2200349Ia 4500
001 8089
005 20240113234049.0
007 ta
008 050716s1977 a g b000 u eng u
020 _cPB
040 _aCotton College,Assam
041 _aeng
082 _a580
_bM 697 St
100 _aMitra, Debabrata .
245 0 _aStudies in Botany /
_cDebabrata Mitra, Jibes Guha and Salil Kumar Chaudhuri.
_hTextual Documents
250 _a3rd Rev. ed. /
260 _aCalcutta :
_bMoulik Library ,
_c1977.
300 _axiii, 808p. :
_bill ;
_c22cm. .
362 _aVol-ll-
504 _aIndex
653 _aBotany
653 _aG-Botany
653 _aT/G-Botany
700 _aGuha, Jibes .
700 _aChaudhuri, Salil Kumar .
942 _2ddc
_cBK
999 _c8076
_d8076